[Event "3rd Kolkata Open Grandmaster Chess Tournament "]
[Site "Kolkata India"]
[EventDate "2008.03.23"]
[Date "2008.03.24"]
[Round "1"]
[White "Tiwari, Arjun"]
[WhiteTitle "-"]
[WhiteElo "2322"]
[Black "Koneru, Humpy"]
[BlackTitle "GM"]
[BlackElo "2612"]
[Result "0-1"]
[Source "MonRoi"]

1. e4 e5 2. Nf3 Nc6 3. d4 exd4 4. Bc4 Bc5 5. c3 Nf6 6. cxd4 Bb4 7. Bd2 Bxd2 8. Nbxd2 d5 9. exd5 Nxd5 10. Qb3 Nce7 11. O-O O-O 12. Rfe1 c6 13. a4 a5 14. Ne4 Nb4 15. Ne5 Ned5 16. Rac1 Bf5 17. Nc5 Rb8 18. Qf3 g6 19. h3 Kg7 20. Red1 Qe7 21. g4 Bc8 22. Bxd5 Nxd5 23. Re1 Qd8 24. Qg3 Ra8 25. Nc4 b6 26. Nd3 Bb7 27. Nd6 Qd7 28. Nxb7 Qxb7 29. Qd6 Rac8 30. Nf4 Nxf4 31. Qxf4 Qd7 32. Re4 Rfe8 33. Rce1 h6 34. Kg2 Qd5 35. Qf3 Rxe4 36. Rxe4 Rd8 37. b3 Rd6 38. Rf4 Qe6 39. Qc3 Kg8 40. Qe3 Qd5 41. Qf3 Qe6 42. Qe3 b5 43. Re4 Qd5 44. f3 bxa4 45. bxa4 Kg7 46. Kg3 Qc4 47. Qf4 Rf6 48. Qe3 Qxa4 49. d5 Qb5 50. dxc6 Qxc6 51. Qd2  0-1

[Event "3rd Kolkata Open Grandmaster Chess Tournament "]
[Site "Kolkata India"]
[EventDate "2008.03.23"]
[Date "2008.03.24"]
[Round "1"]
[White "Laznicka, Viktor"]
[WhiteTitle "GM"]
[WhiteElo "2595"]
[Black "Shetty, Rahul"]
[BlackTitle "IM"]
[BlackElo "2320"]
[Result "1-0"]
[Source "MonRoi"]

1. d4 Nf6 2. c4 e6 3. Nf3 b6 4. g3 Ba6 5. b3 Bb4 6. Bd2 Be7 7. Bg2 c6 8. Bc3 d5 9. Ne5 Nfd7 10. Nxd7 Nxd7 11. Nd2 Rc8 12. O-O O-O 13. Re1 Nf6 14. e4 dxc4 15. bxc4 b5 16. e5 Ne8 17. c5 b4 18. Bb2 Bb5 19. a3 bxa3 20. Rxa3 a5 21. Ne4 Ra8 22. Qh5 Bc4 23. g4 g6 24. Qh6 f5 25. gxf5 Rxf5 26. Nd6 Nxd6 27. exd6 Bg5 28. Qh3 Bf4 29. Qg4 Qf6 30. Re5 Bxe5 31. dxe5 Rf4 32. exf6 Rxg4 33. h3 Rg5 34. f4 Rxg2 35. Kxg2 a4 36. Kf3 Kf7 37. Ke4 Bb3 38. Ke5 Ra7 39. Ra1 Rb7 40. Bc3 Ra7 41. Bb4 Ke8 42. Ba3 Rb7 43. Rb1 Ra7 44. h4 h5 45. Rg1 Kf7 46. Rg2 Bd5 47. Rb2 Bb3 48. Rd2 Ke8 49. Rd3 Rb7 50. Bb4 Bc4 51. Ba5  1-0

[Event "3rd Kolkata Open Grandmaster Chess Tournament "]
[Site "Kolkata India"]
[EventDate "2008.03.23"]
[Date "2008.03.24"]
[Round "1"]
[White "Hasan, Mehdi"]
[WhiteTitle "FM"]
[WhiteElo "2320"]
[Black "Sandipan, Chanda"]
[BlackTitle "GM"]
[BlackElo "2593"]
[Result "0-1"]
[Source "MonRoi"]

1. e4 c5 2. Nf3 d6 3. d4 cxd4 4. Nxd4 Nf6 5. Nc3 e6 6. Bg5 Be7 7. f4 h6 8. Bh4 Nxe4 9. Bxe7 Nxc3 10. Bxd8 Nxd1 11. Rxd1 Kxd8 12. Nb5 Nc6 13. Nxd6 Ke7 14. Bb5 Rd8 15. Bxc6 Rxd6 16. Rxd6 Kxd6 17. Bf3 Bd7 18. Ke2 g5 19. Rd1 Ke7 20. Rd4 Rc8 21. c3 b6 22. g3 f5 23. Kd2 g4 24. Bg2 h5 25. c4 h4 26. b4 h3 27. Bh1 Rc7 28. Kc3 a5 29. bxa5 bxa5 30. Kb3 Bc8 31. Kc3 Ba6 32. Ba8 Rc5 33. Bh1 Kf6 34. Kd3 Rc7 35. Kc3 Rc8 36. a3 Rc7 37. Kb3 Rc5 38. Kc3 Ke7 39. Kd3 Rc7 40. Kc3 Rc8 41. Kb3 Rb8 42. Kc2 Bb7 43. Bxb7 Rxb7 44. Rd3 Rb6 45. Rd1 a4 46. Kc3 Rb3 47. Kd4 Rb2 48. Kc3 Rb3 49. Kd4 Kd6 50. c5 Kc7 51. Re1 Rxa3 52. Rxe6 Ra2 53. Re7 Kd8 54. Ra7 Rxh2 55. Kd5 Rd2 56. Kc6 h2 57. Rh7 a3 58. Kb7 a2 59. c6 Rb2  0-1

[Event "3rd Kolkata Open Grandmaster Chess Tournament "]
[Site "Kolkata India"]
[EventDate "2008.03.23"]
[Date "2008.03.24"]
[Round "1"]
[White "Ghaem Maghami, Ehsan"]
[WhiteTitle "GM"]
[WhiteElo "2589"]
[Black "Swapnil, S  Dhopade"]
[BlackTitle "-"]
[BlackElo "2319"]
[Result "1/2-1/2"]
[Source "MonRoi"]

1. c4 Nf6 2. Nc3 e5 3. Nf3 Nc6 4. d3 h6 5. a3 a5 6. g3 Bc5 7. Bg2 d6 8. O-O O-O 9. e3 Bg4 10. h3 Bh5 11. b3 Qd7 12. Bb2 Rfe8 13. Kh2 Bb6 14. Qd2 Ne7 15. Rae1 c6 16. Ne2 Bxf3 17. Bxf3 Ng6 18. e4 Rad8 19. d4 d5 20. exd5 cxd5  1/2-1/2

[Event "3rd Kolkata Open Grandmaster Chess Tournament "]
[Site "Kolkata India"]
[EventDate "2008.03.23"]
[Date "2008.03.24"]
[Round "1"]
[White "Phadke, Sohan"]
[WhiteTitle "-"]
[WhiteElo "2307"]
[Black "Nguyen Anh, Dung"]
[BlackTitle "GM"]
[BlackElo "2525"]
[Result "0-1"]
[Source "MonRoi"]

1. e4 c5 2. Nf3 d6 3. d4 cxd4 4. Nxd4 Nf6 5. Nc3 a6 6. Bc4 e6 7. Bb3 Nbd7 8. f4 Nc5 9. Qf3 b5 10. f5 e5 11. Nde2 Nxb3 12. axb3 b4 13. Nd5 Nxd5 14. exd5 Qc7 15. c4 bxc3 16. bxc3 Rb8 17. c4 Be7 18. O-O Qb6 19. Be3 Qxb3 20. Rab1 Qxb1 21. Rxb1 Rxb1 22. Kf2 O-O 23. g4 Bd7 24. Nc3 Rb2 25. Kg3 Rfb8 26. Ne4 R8b3 27. h3 Ra3 28. f6 Rbb3  0-1

[Event "3rd Kolkata Open Grandmaster Chess Tournament "]
[Site "Kolkata India"]
[EventDate "2008.03.23"]
[Date "2008.03.24"]
[Round "1"]
[White "Hossain, Enamul"]
[WhiteTitle "IM"]
[WhiteElo "2522"]
[Black "Shyam, Nikil P"]
[BlackTitle "-"]
[BlackElo "2301"]
[Result "0-1"]
[Source "MonRoi"]

1. e4 c5 2. Nf3 d6 3. d4 cxd4 4. Nxd4 Nf6 5. Nc3 a6 6. Be2 e5 7. Nb3 Be7 8. O-O O-O 9. Kh1 b6 10. Be3 Bb7 11. f3 b5 12. a4 b4 13. Nd5 Nxd5 14. exd5 Nd7 15. c3 bxc3 16. bxc3 Rc8 17. Qd2 h6 18. c4 Bg5 19. Bxg5 hxg5 20. a5 Rc7 21. Rfb1 Bc8 22. Qe3 f5 23. Rc1 Nc5 24. Nxc5 Rxc5 25. Qd2 f4 26. Rcb1 g4 27. fxg4 e4 28. Qd4 f3 29. gxf3 exf3 30. Bd3 Qg5 31. Qe4 Bf5 32. Qxf3 Bxg4 33. Bh7 Kxh7 34. Qxf8 Rxc4 35. Ra3 Qxd5 36. Kg1 Qc5 37. Qf2 Qxa3 38. Qh4 Kg6  0-1

[Event "3rd Kolkata Open Grandmaster Chess Tournament "]
[Site "Kolkata India"]
[EventDate "2008.03.23"]
[Date "2008.03.24"]
[Round "1"]
[White "Ramakrishna, J"]
[WhiteTitle "FM"]
[WhiteElo "2296"]
[Black "Abdulla, Al Rakib"]
[BlackTitle "GM"]
[BlackElo "2506"]
[Result "0-1"]
[Source "MonRoi"]

1. d4 d5 2. Nf3 Nf6 3. g3 c6 4. Bg2 Bg4 5. O-O Nbd7 6. b3 e6 7. c4 Be7 8. Bb2 O-O 9. Nbd2 a5 10. a3 Qb6 11. Ne5 Nxe5 12. dxe5 Nd7 13. h3 Bh5 14. Kh1 f6 15. cxd5 cxd5 16. exf6 Bxf6 17. Bxf6 Rxf6 18. f4 Qe3 19. Nf3 Rc8 20. b4 axb4 21. axb4 Rc4 22. Qd3 Qxd3 23. exd3 Rxb4 24. Rfb1 Rxb1 25. Rxb1 Bxf3 26. Bxf3 b6 27. Kg2 Kf8 28. d4 Ke7 29. Bd1 Rf8 30. Bc2 h6 31. Ba4 Rb8 32. Bb5 Nf6 33. Rc1 Rb7 34. Rc8 Ne4 35. Re8 Kf7 36. Rd8 Ra7 37. Rd7 Rxd7 38. Bxd7 Ke7 39. Bc6 Nd6 40. g4 Kd8 41. Kf3 Kc7 42. Ba4 b5 43. Bb3 Nc4 44. Ke2 Kb6 45. Bc2 Ka5 46. Bg6 Kb4 47. Bf7 Kc3 48. Bxe6 Kxd4 49. Bf5 b4 50. Bd3 b3 51. h4 Ne3 52. g5 Ng2 53. f5 Nf4 54. Kd2 hxg5 55. hxg5 Nxd3 56. f6 gxf6 57. g6 Nb4 58. g7 b2 59. g8Q b1Q 60. Qg4 Qe4 61. Qg1 Kc4 62. Qc1 Qc2  0-1

[Event "3rd Kolkata Open Grandmaster Chess Tournament "]
[Site "Kolkata India"]
[EventDate "2008.03.23"]
[Date "2008.03.24"]
[Round "1"]
[White "Dobrov, Vladimir"]
[WhiteTitle "GM"]
[WhiteElo "2501"]
[Black "Prasenjit, Datta"]
[BlackTitle "-"]
[BlackElo "2296"]
[Result "1-0"]
[Source "MonRoi"]

1. d4 d5 2. c4 e6 3. Nc3 c6 4. e4 dxe4 5. Nxe4 Bb4 6. Bd2 Qxd4 7. Bxb4 Qxe4 8. Be2 Na6 9. Bd6 Bd7 10. Nf3 O-O-O 11. O-O Be8 12. Bd3 Qg4 13. c5 Nc7 14. h3 Qh5 15. Qa4 Kb8 16. Rad1 Rxd6 17. cxd6 Nd5 18. Be4 Ngf6 19. Bxd5 Nxd5 20. Rfe1 f6 21. Rxe6 Bd7 22. Re7 Nb6 23. Qe4 g5 24. a4 f5 25. Qd4 Rg8 26. Ne5 g4 27. hxg4 fxg4 28. Qc5  1-0

[Event "3rd Kolkata Open Grandmaster Chess Tournament "]
[Site "Kolkata India"]
[EventDate "2008.03.23"]
[Date "2008.03.25"]
[Round "2"]
[White "Saptarshi, Roy"]
[WhiteTitle "IM"]
[WhiteElo "2404"]
[Black "Laznicka, Viktor"]
[BlackTitle "GM"]
[BlackElo "2595"]
[Result "0-1"]
[Source "MonRoi"]

1. e4 c5 2. Nf3 a6 3. c3 d5 4. exd5 Qxd5 5. d4 Nf6 6. Be2 Nc6 7. O-O e6 8. dxc5 Bxc5 9. Qxd5 Nxd5 10. c4 Ndb4 11. Nbd2 e5 12. Nb3 Be7 13. Bd2 Bf5 14. Bc3 f6 15. a3 Bd3 16. Nc1 Bxe2 17. Nxe2 Nd3 18. Ng3 g6 19. b4 Kf7 20. Rfd1 Rhd8 21. Rd2 b5 22. Rc2 bxc4 23. Nd2 Rac8 24. Nxc4 Na7 25. Bd2 Nb5 26. Ne2 Ke6 27. Raa2 f5 28. g3 Rc6 29. f3 Rdc8 30. Ne3 Nd4 31. Nxd4 exd4 32. Rxc6 Rxc6 33. Nd1 Kd5 34. f4 Nc1 35. Ra1 Nb3 36. Ra2 d3 37. Bc3 Bf6 38. Bxf6 Rc1 39. Rf2 Rxd1 40. Rf1 Rd2  0-1

[Event "3rd Kolkata Open Grandmaster Chess Tournament "]
[Site "Kolkata India"]
[EventDate "2008.03.23"]
[Date "2008.03.25"]
[Round "2"]
[White "David, Alberto"]
[WhiteTitle "GM"]
[WhiteElo "2557"]
[Black "Konguvel, Ponnuswamy"]
[BlackTitle "IM"]
[BlackElo "2394"]
[Result "0-1"]
[Source "MonRoi"]

1. e4 c5 2. Nf3 d6 3. d4 cxd4 4. Nxd4 Nf6 5. Nc3 g6 6. Be3 Bg7 7. f3 O-O 8. Qd2 Nc6 9. Bc4 Bd7 10. O-O-O Rc8 11. Bb3 Ne5 12. Kb1 Re8 13. h4 h5 14. Bh6 Nc4 15. Bxc4 Rxc4 16. Bxg7 Kxg7 17. Nd5 e5 18. Nxf6 Qxf6 19. Nb3 Re6 20. Qe1 Bb5 21. Nd2 Rd4 22. Nf1 Bxf1 23. Qxf1 d5 24. exd5 Rd6 25. Rxd4 exd4 26. Qc4 Qe5 27. Rd1 Rxd5 28. a3 b5 29. Qd3 Qf4 30. Qb3 Re5 31. Qb4 Qxh4 32. g3 Qxg3 33. Qxd4 Kh7 34. Rd3 Re7 35. f4 Qe1 36. Rd1 Qe4 37. Qc5 Qe2 38. Rd3 Re4 39. Qxa7 Rxf4 40. Qc7 Rf1 41. Ka2 Qe6 42. Rb3 h4 43. Qh2 g5 44. Qg2 Rf5 45. Qg4 Kg6 46. Qd4 Rf3 47. Qc5 h3  0-1

[Event "3rd Kolkata Open Grandmaster Chess Tournament "]
[Site "Kolkata India"]
[EventDate "2008.03.23"]
[Date "2008.03.25"]
[Round "2"]
[White "Akshayraj, Kore"]
[WhiteTitle "IM"]
[WhiteElo "2399"]
[Black "Adly, Ahmed"]
[BlackTitle "GM"]
[BlackElo "2551"]
[Result "1/2-1/2"]
[Source "MonRoi"]

1. e4 c5 2. Nf3 d6 3. d4 cxd4 4. Nxd4 Nf6 5. Nc3 a6 6. Bg5 e6 7. f4 Nbd7 8. Qf3 Be7 9. O-O-O Qc7 10. g4 b5 11. Bxf6 Nxf6 12. Bg2 Bb7 13. Rhe1 b4 14. Na4 d5 15. exd5 Bxd5 16. Qf2 Bxg2 17. Qxg2 Qxf4 18. Kb1 O-O 19. Nc6 Bd6 20. Nb6 Rae8 21. g5 Nd5 22. Rf1 Qxh2 23. Qe4 f5 24. gxf6 Nxf6 25. Qd3 Bc7 26. Nd7 Nxd7 27. Qxd7 Kh8 28. Rf7 Be5 29. Nxe5 Qxe5 30. Rg1 Rd8 31. Qe7 Rg8 32. Qxb4 Rb8 33. Qa3 h6 34. b3 a5 35. Rh1 Qg5 36. Qd6 Qg6 37. Qe5 Rbc8 38. Rf2 Kh7 39. Qxa5 Rgf8 40. Re2 Rf5 41. Qe1 Rfc5 42. Rg1 Qf5 43. Rf2 Qe5 44. Re2 Qf5 45. Rf2 Qe5 46. Qc1 R8c7 47. a4 Rc3 48. Re1 Qd4 49. Qd2 Qb4 50. Re3 Qc5 51. Rxc3 Qxc3 52. Qxc3 Rxc3 53. Kb2 Rc8 54. b4 g5 55. b5 g4 56. Kb3 h5 57. b6 g3 58. Rf1 Rg8 59. a5 g2 60. Rg1 h4 61. Rxg2 Rxg2 62. b7 Rg8 63. a6 h3 64. a7 h2 65. a8Q h1Q 66. Qxg8 Kxg8 67. b8Q  1/2-1/2

[Event "3rd Kolkata Open Grandmaster Chess Tournament "]
[Site "Kolkata India"]
[EventDate "2008.03.23"]
[Date "2008.03.25"]
[Round "2"]
[White "Abdulla, Al Rakib"]
[WhiteTitle "GM"]
[WhiteElo "2506"]
[Black "Thejkumar, M  S"]
[BlackTitle "-"]
[BlackElo "2382"]
[Result "0-1"]
[Source "MonRoi"]

1. d4 d5 2. c4 e6 3. Nc3 Be7 4. Nf3 Nf6 5. Bg5 O-O 6. Qc2 c5 7. dxc5 d4 8. O-O-O Nc6 9. e3 e5 10. Bxf6 Bxf6 11. Nd5 Be6 12. Kb1 Bxd5 13. cxd5 Qxd5 14. Bc4 Qd8 15. h4 Rc8 16. Ng5 g6 17. Ne4 b6 18. h5 Kg7 19. Rh3 Na5 20. Ba6 Rc7 21. exd4 exd4 22. Qd2 Kg8 23. Qf4 Bg7 24. b4 bxc5 25. Nxc5 Qb8 26. Nb3 Nxb3 27. Rxb3 Qb6 28. Bd3 Rc3 29. Rxc3 dxc3 30. Kc2 Qc6 31. Bc4 g5 32. Qg4 Kh8 33. Bb3 f5 34. Qf3 Qb6 35. a3 a5 36. Qe3 Qc6 37. bxa5 Re8 38. Rd6 Qb5 39. a4 Qb8 40. Qd3 Qa7 41. Qxf5 Rf8 42. Qd3 Qxf2  0-1

[Event "3rd Kolkata Open Grandmaster Chess Tournament "]
[Site "Kolkata India"]
[EventDate "2008.03.23"]
[Date "2008.03.25"]
[Round "2"]
[White "Lodhi, Mahmood"]
[WhiteTitle "IM"]
[WhiteElo "2397"]
[Black "Dobrov, Vladimir"]
[BlackTitle "GM"]
[BlackElo "2501"]
[Result "0-1"]
[Source "MonRoi"]

1. d4 Nf6 2. Nf3 d5 3. g3 c6 4. Bg2 Bg4 5. Ne5 Bf5 6. O-O Nbd7 7. c4 e6 8. cxd5 exd5 9. f4 h5 10. Qb3 Qb6 11. Qxb6 axb6 12. Nc3 b5 13. Bd2 Nb6 14. a3 Ne4 15. Be1 Bd6 16. Nd1 f6 17. Ne3 Bh7 18. Nd3 Nc4 19. Nxc4 bxc4 20. Bxe4 dxe4 21. Nf2 e3 22. Nd1 O-O-O 23. Nxe3 Rhe8 24. Nxc4 Bc7 25. Bf2 b5 26. Ne3 Rxd4 27. Rac1 Kb7 28. Nc2 Rd2 29. Nd4 Bb6 30. e3 Be4 31. b4 Rb2 32. Rc3 g5 33. Nb3 Rd8 34. fxg5 fxg5 35. Nc5 Bxc5 36. Rxc5 Rf8 37. Rxg5 Rf7 38. Rc5 Rd2 39. Rcc1 h4 40. g4 h3 41. a4 bxa4 42. b5 cxb5 43. Rc5 Bd3  0-1

[Event "3rd Kolkata Open Grandmaster Chess Tournament "]
[Site "Kolkata India"]
[EventDate "2008.03.23"]
[Date "2008.03.25"]
[Round "2"]
[White "Safin, Shukhrat"]
[WhiteTitle "GM"]
[WhiteElo "2493"]
[Black "Saravanan, V"]
[BlackTitle "IM"]
[BlackElo "2379"]
[Result "1-0"]
[Source "MonRoi"]

1. d4 Nf6 2. c4 g6 3. Nc3 Bg7 4. g3 O-O 5. Bg2 c5 6. d5 d6 7. Nf3 e6 8. O-O exd5 9. cxd5 Re8 10. Nd2 a6 11. a4 Nbd7 12. h3 Rb8 13. Nc4 Nb6 14. Na3 Bd7 15. a5 Nc8 16. Nc4 Qc7 17. Qc2 Bb5 18. Qb3 Bxc4 19. Qxc4 Nd7 20. Bf4 Ne5 21. Qa4 Qd7 22. Qc2 h6 23. Ra4 Na7 24. Rfa1 Rbc8 25. Qd2 g5 26. Bxe5 Rxe5 27. h4 Nb5 28. hxg5 hxg5 29. Nxb5 Qxb5 30. Bf3 Bf6 31. Qc2 Kg7 32. Rc4 Rh8 33. Raa4 Ree8 34. b3 Rh6 35. b4 cxb4 36. Rcxb4 Qd7 37. Bg4 Qe7 38. Qb3 Reh8 39. Bf3 Qc7 40. Rc4 Qd7 41. Rab4 Qd8 42. Rb6 Be5 43. Qe3 Kg6 44. Qd3 Kg7 45. Qf5 Qe7 46. Rg4 Rg6 47. Rgb4 Qc7 48. Rb1 Rf6 49. Qg4 Qc8 50. Rxb7 Qxg4 51. Bxg4 Bc3 52. R7b6 Bxa5 53. Rxa6 Bc3 54. Rc6 Be5 55. Kg2 Ra8 56. Rc7 Ra4 57. Bh5 Bd4 58. e3 Ra7 59. Rxa7 Bxa7 60. Rb7 Bc5 61. Bg4 Kf8 62. Bd7 Rg6 63. Bf5 Rg8 64. Kf3 Kg7 65. Be6 Rf8 66. Kg4 Kf6 67. Rxf7 Rxf7 68. Bxf7 Kxf7 69. Kxg5 Bb4 70. f4 Be1 71. g4  1-0

[Event "3rd Kolkata Open Grandmaster Chess Tournament "]
[Site "Kolkata India"]
[EventDate "2008.03.23"]
[Date "2008.03.25"]
[Round "2"]
[White "Barua, Dibyendu"]
[WhiteTitle "GM"]
[WhiteElo "2491"]
[Black "Prathamesh Sunil, Mokal"]
[BlackTitle "IM"]
[BlackElo "2371"]
[Result "1-0"]
[Source "MonRoi"]

1. e4 c5 2. Nf3 e6 3. d4 cxd4 4. Nxd4 a6 5. Bd3 Nf6 6. Qe2 d6 7. O-O Qc7 8. c4 g6 9. Nc3 Bg7 10. Rd1 O-O 11. h3 Nbd7 12. Nf3 b6 13. Bg5 Bb7 14. Rac1 Rac8 15. b3 Rfe8 16. Bb1 Qb8 17. Qd2 Bf8 18. Bh6 Be7 19. Nd4 Ba8 20. Re1 Nh5 21. a4 Nc5 22. Bc2 Bf6 23. Rcd1 Rcd8 24. Bg5 Kg7 25. h4 Bxg5 26. hxg5 e5 27. Nf3 a5 28. Rb1 Bc6 29. b4 axb4 30. Rxb4 Qc7 31. Reb1 Rb8 32. Qe3 Rb7 33. Nh2 Ra8 34. Ng4 Qd8 35. g3 Bd7 36. Bd1 Ne6 37. Rxb6 Rxb6 38. Qxb6 Qxb6 39. Rxb6 Nxg5 40. Ne3 Nf6 41. Rxd6 Be8 42. f3 Ne6 43. Ned5 Nd7 44. Nb5 Rc8 45. Be2 Ndc5 46. Nb6 Rc6 47. Bd1 Nd4 48. Rd5 f6 49. Nxd4 exd4 50. a5 d3 51. Kf2 Bf7 52. Rd8 Nb7 53. a6 Rxb6 54. a7 Nxd8 55. a8Q Nc6 56. c5 Rb2 57. Ke3 Ne5 58. c6 Nc4 59. Kd4 Nb6 60. Qb7 Na4 61. Bxa4  1-0

[Event "3rd Kolkata Open Grandmaster Chess Tournament "]
[Site "Kolkata India"]
[EventDate "2008.03.23"]
[Date "2008.03.25"]
[Round "2"]
[White "Ashwin, Jayaram"]
[WhiteTitle "IM"]
[WhiteElo "2478"]
[Black "Murali, Krishnan B T"]
[BlackTitle "-"]
[BlackElo "2363"]
[Result "1-0"]
[Source "MonRoi"]

1. e4 e5 2. Nf3 d6 3. d4 Nd7 4. Bc4 c6 5. Nc3 Be7 6. dxe5 dxe5 7. Ng5 Bxg5 8. Qh5 Qe7 9. Qxg5 Qxg5 10. Bxg5 Ngf6 11. a4 Nc5 12. f3 Be6 13. Be2 a5 14. Be3 Nfd7 15. O-O-O Ke7 16. g3 h5 17. Rd2 f6 18. h4 Rhd8 19. Rhd1 Bf7 20. f4 Bg6 21. fxe5 fxe5 22. Rd6 Bf7 23. R6d2 Bg6 24. g4 Nxe4 25. gxh5 Nxc3 26. bxc3 Bh7 27. Rg1 Nf6 28. Rxg7 Kf8 29. Rxd8 Rxd8 30. Bh6 Ke8 31. Bg5  1-0

[Event "3rd Kolkata Open Grandmaster Chess Tournament "]
[Site "Kolkata India"]
[EventDate "2008.03.23"]
[Date "2008.03.25"]
[Round "2"]
[White "Suvrajit, Saha"]
[WhiteTitle "IM"]
[WhiteElo "2363"]
[Black "Ramesh, R B"]
[BlackTitle "GM"]
[BlackElo "2473"]
[Result "1/2-1/2"]
[Source "MonRoi"]

1. d4 Nf6 2. Nf3 e6 3. e3 b6 4. Bd3 Bb7 5. O-O c5 6. c4 Be7 7. Nc3 cxd4 8. exd4 d5 9. cxd5 Nxd5 10. Ne5 O-O 11. Qg4 Nf6 12. Qh4 Ne4 13. Qh3 Qxd4 14. Nxf7 Rxf7 15. Bxe4 Bxe4 16. Qg4 Nc6 17. Qxe4 Qxe4  1/2-1/2

[Event "3rd Kolkata Open Grandmaster Chess Tournament "]
[Site "Kolkata India"]
[EventDate "2008.03.23"]
[Date "2008.03.25"]
[Round "2"]
[White "Bakre, Tejas"]
[WhiteTitle "GM"]
[WhiteElo "2459"]
[Black "Palit, Somak"]
[BlackTitle "-"]
[BlackElo "2340"]
[Result "1-0"]
[Source "MonRoi"]

1. c4 Nf6 2. Nc3 d5 3. cxd5 Nxd5 4. g3 g6 5. Bg2 Nb6 6. d3 Bg7 7. Be3 O-O 8. Qc1 N8d7 9. h4 Nf6 10. h5 Nxh5 11. Bf3 f5 12. Bxh5 gxh5 13. Rxh5 Rf6 14. Nf3 Rc6 15. Bh6 Qe8 16. Qg5 Rg6 17. Qh4 Rxh6 18. Rxh6 Bxh6 19. Qxh6 Qg6 20. Qf4 Qd6 21. Qg5 Kh8 22. O-O-O Be6 23. Rh1 Rg8 24. Qe3 Rg6 25. Ng5 h6 26. Nf3 Kg7 27. Rh4 Nd5 28. Qxa7 Nxc3 29. bxc3 b6 30. Qa4 Qc5 31. Qd4 Qxd4 32. Rxd4 Kf6 33. a3 Rg8 34. Rh4 Kg7 35. Ra4 Kf6 36. Kd2 Bd5 37. Ke3 Bxf3 38. Kxf3 e6 39. Rc4 Rg7 40. d4 Rd7 41. Rc6 Ke7 42. Kf4 Kf6 43. e3 Kf7 44. Ke5 Re7 45. a4 h5 46. f3 Kf8 47. Rxe6  1-0

[Event "3rd Kolkata Open Grandmaster Chess Tournament "]
[Site "Kolkata India"]
[EventDate "2008.03.23"]
[Date "2008.03.25"]
[Round "2"]
[White "Prakash, G B"]
[WhiteTitle "IM"]
[WhiteElo "2341"]
[Black "Sriram, Jha"]
[BlackTitle "IM"]
[BlackElo "2457"]
[Result "1/2-1/2"]
[Source "MonRoi"]

1. d4 d5 2. c4 c6 3. Nf3 Nf6 4. e3 Bf5 5. Nc3 e6 6. Nh4 Bg6 7. Be2 Nbd7 8. O-O Be7 9. g3 Qc7 10. Bd2 Ne4 11. Nxg6 Nxc3 12. bxc3 hxg6 13. Qb3 O-O 14. cxd5 exd5 15. c4 dxc4 16. Bxc4 Rab8 17. a4 c5 18. Rfc1 Qd6 19. Bc3 Bf6 20. Rd1 Qe7 21. Bb5 Rfd8 22. Qa3 Rbc8 23. Rac1 Nf8 24. dxc5 Rxd1 25. Rxd1 Bxc3 26. Qxc3 Rxc5 27. Qb4 Qc7 28. Kg2 b6 29. Qe4 Qc8 30. h4 Qf5 31. Qxf5 gxf5 32. h5  1/2-1/2

[Event "3rd Kolkata Open Grandmaster Chess Tournament "]
[Site "Kolkata India"]
[EventDate "2008.03.23"]
[Date "2008.03.25"]
[Round "2"]
[White "Venkatesh, M R"]
[WhiteTitle "IM"]
[WhiteElo "2444"]
[Black "Shankar, Roy"]
[BlackTitle "IM"]
[BlackElo "2335"]
[Result "1-0"]
[Source "MonRoi"]

1. e4 c5 2. Nf3 Nf6 3. e5 Nd5 4. Nc3 Nc7 5. d4 cxd4 6. Qxd4 Nc6 7. Qh4 d5 8. exd6 Qxd6 9. Bf4 e5 10. Rd1 Qe6 11. Nxe5 Be7 12. Qh5 O-O 13. Bc4 Qf5 14. Qxf5 Bxf5 15. Nxc6 bxc6 16. Bxc7 Bxc2 17. Rd2 Bf5 18. O-O Bf6 19. Re1 h5 20. h3 g5 21. Ne4 Be7 22. Nd6 Bxd6 23. Bxd6 Rfe8 24. Re7  1-0

[Event "3rd Kolkata Open Grandmaster Chess Tournament "]
[Site "Kolkata India"]
[EventDate "2008.03.23"]
[Date "2008.03.25"]
[Round "2"]
[White "Minhazuddin, Ahmed"]
[WhiteTitle "FM"]
[WhiteElo "2333"]
[Black "Sundararajan, Kidambi"]
[BlackTitle "IM"]
[BlackElo "2442"]
[Result "1/2-1/2"]
[Source "MonRoi"]

1. e4 c5 2. Nf3 d6 3. d4 cxd4 4. Nxd4 Nf6 5. Nc3 e6 6. Be3 Be7 7. Be2 a6 8. f4 Nc6 9. O-O O-O 10. Kh1 Bd7 11. Bf3 Qc7 12. Nb3 b5 13. a4 b4 14. Ne2 e5 15. f5 Na5 16. Nxa5 Qxa5 17. c4 bxc3 18. Nxc3 Rab8 19. Bg5 Rxb2 20. Bxf6 Bxf6 21. Qxd6 Bxf5 22. exf5 Qxc3 23. Qxa6 e4 24. Bxe4 Rb4 25. Rac1 Qe5 26. Bc6 Rh4 27. h3 Qe3 28. Bf3 Bd4 29. Rc8 Qf4 30. Rxf8 Kxf8 31. Qc8 Ke7 32. Qb7 Kf6 33. Qc6 Kg5 34. Qc1 Qxc1 35. Rxc1  1/2-1/2

[Event "3rd Kolkata Open Grandmaster Chess Tournament "]
[Site "Kolkata India"]
[EventDate "2008.03.23"]
[Date "2008.03.26"]
[Round "3"]
[White "Rathnakaran, K"]
[WhiteTitle "IM"]
[WhiteElo "2437"]
[Black "Nguyen Anh, Dung"]
[BlackTitle "GM"]
[BlackElo "2525"]
[Result "0-1"]
[Source "MonRoi"]

1. e4 c5 2. Nf3 d6 3. d4 cxd4 4. Nxd4 Nf6 5. Nc3 a6 6. Be2 e5 7. Nb3 Be7 8. O-O O-O 9. f4 Nbd7 10. a4 Re8 11. f5 b6 12. Qe1 Bb7 13. Bf3 d5 14. exd5 e4 15. Be2 Nxd5 16. Nxd5 Bxd5 17. c4 Bb7 18. Be3 Ne5 19. Rd1 Nd3 20. Qg3 Bh4 21. Qg4 Bf6 22. Rd2 Qc7 23. Rfd1 h5 24. Qxh5 Qxc4 25. Na1 Qxa4 26. b3 Qa5 27. Nc2 Rac8 28. b4 Qa4 29. g4 Rxc2 30. g5 Rxd2 31. Rxd2 Bc3 32. g6 fxg6 33. fxg6 Bf6 34. Rd1 Re5 35. Qh7 Kf8 36. Rf1 Ke7 37. h4 Qd7 38. Bg5 Rxg5 39. hxg5 Bd4+ 40. Kg2 e3 41. Kg1 Nf2 42. Rc1 Nh3 43. Kf1 Be4 44. Qh4 Qf5 45. Ke1 Nf4 46. Qh8 Nd3 47. Kd1 Nb2  0-1

[Event "3rd Kolkata Open Grandmaster Chess Tournament "]
[Site "Kolkata India"]
[EventDate "2008.03.23"]
[Date "2008.03.26"]
[Round "3"]
[White "Arun Prasad, S"]
[WhiteTitle "IM"]
[WhiteElo "2423"]
[Black "Safin, Shukhrat"]
[BlackTitle "GM"]
[BlackElo "2493"]
[Result "1-0"]
[Source "MonRoi"]

1. d4 Nf6 2. c4 g6 3. Nc3 Bg7 4. g3 c5 5. d5 O-O 6. Bg2 d6 7. Nf3 e6 8. O-O exd5 9. cxd5 Re8 10. Bf4 h6 11. h3 Nh5 12. Bc1 Nd7 13. g4 Nhf6 14. Bf4 Nb6 15. Nd2 g5 16. Bh2 h5 17. gxh5 Nxh5 18. e3 Nf6 19. a4 g4 20. a5 gxh3 21. Bf3 Nbd7 22. Bxd6 Ne5 23. Bxe5 Rxe5 24. Kh1 Bf5 25. Rg1 Bg6 26. Nc4 Re8 27. d6 Rb8 28. Rg3 Qd7 29. Nd5 Ne4 30. Bxe4 Rxe4 31. Rc1 Rd8 32. Qf3 Re6 33. Rcg1 Rde8 34. Kh2 Rxd6 35. Nxd6 Qxd6 36. Nf4 Be5 37. Kh1 Bxf4 38. exf4 h2 39. Rd1  1-0

[Event "3rd Kolkata Open Grandmaster Chess Tournament "]
[Site "Kolkata India"]
[EventDate "2008.03.23"]
[Date "2008.03.26"]
[Round "3"]
[White "Konguvel, Ponnuswamy"]
[WhiteTitle "IM"]
[WhiteElo "2394"]
[Black "Barua, Dibyendu"]
[BlackTitle "GM"]
[BlackElo "2491"]
[Result "1-0"]
[Source "MonRoi"]

1. e4 e6 2. d4 d5 3. Nc3 Nf6 4. e5 Nfd7 5. f4 c5 6. Nf3 Nc6 7. Be3 a6 8. Qd2 b5 9. a3 Qb6 10. Ne2 a5 11. c3 b4 12. axb4 cxb4 13. f5 a4 14. fxe6 fxe6 15. Nf4 a3 16. Bd3 Na5 17. O-O Nb3 18. Qe2 Ba6 19. Ra2 bxc3 20. bxc3 Be7 21. Ng5 Bxg5 22. Qh5 g6 23. Bxg6 hxg6 24. Qxh8 Nf8 25. Nxd5 Bxe3 26. Kh1 Bxf1 27. Nxb6 Rb8 28. Rxa3 Nd2 29. Ra7 Ne4 30. Qg7  1-0

[Event "3rd Kolkata Open Grandmaster Chess Tournament "]
[Site "Kolkata India"]
[EventDate "2008.03.23"]
[Date "2008.03.26"]
[Round "3"]
[White "Neelotpal, Das"]
[WhiteTitle "GM"]
[WhiteElo "2486"]
[Black "Nolte, Rolando"]
[BlackTitle "-"]
[BlackElo "2412"]
[Result "1/2-1/2"]
[Source "MonRoi"]

1. d4 Nf6 2. Nf3 g6 3. Nbd2 d5 4. b4 Bg7 5. e3 O-O 6. Be2 b6 7. Bb2 Nbd7 8. b5 Bb7 9. c4 dxc4 10. Nxc4 a6 11. a4 axb5 12. axb5 Ne4 13. O-O Nd6 14. Nce5 Nxe5 15. dxe5 Ne4 16. Bd4 Nc5 17. -? -? 18. Bxc5 bxc5 19. Qc2 Bxf3 20. Bxf3 Bxe5 21. Qxc5 Qd6 22. Qxd6  1/2-1/2